Bud and Jet Ltd v Warrington BC (Record no. 66211)
[ view plain ]
| 000 -LEADER | |
|---|---|
| fixed length control field | 01367cam a2200229 4500 |
| 001 - CONTROL NUMBER | |
| control field | ABS63555 |
| 008 - FIXED-LENGTH DATA ELEMENTS--GENERAL INFORMATION | |
| fixed length control field | 000000n2001 000 0 eng u |
| 035 ## - SYSTEM CONTROL NUMBER | |
| System control number | (Sirsi) u111134 |
| 245 ## - TITLE STATEMENT | |
| Title | Bud and Jet Ltd v Warrington BC |
| 260 ## - PUBLICATION, DISTRIBUTION, ETC. | |
| Date of publication, distribution, etc. | 2001 |
| 490 ## - SERIES STATEMENT | |
| Series statement | Rating and Valuation Reporter |
| Volume/sequential designation | [2001] RVR 22-24(3) |
| 520 ## - SUMMARY, ETC. | |
| Summary, etc. | LT 8 December 1999. The claimant B sought compensation for its leasehold interest in a garage and land south of and adjoining Liverpool to Manchester main line railway and adjoining Allen Street, Warrington which had been compulsory purchased. Claim for the value of the leasehold interest and for loss of profits and disturbance. Three preliminary issues raised: A) length of period the profit should apply; B) whether deductions for head office expenses should be made; C) whether appropriate to take into account future profits. "Held" under the Land Compensation Act 1961 s(2) the compensation payable was the amount which the land if sold in the open market might be expected to reach.. |
| 590 ## - LOCAL NOTE (RLIN) | |
| Local note | ABS |
| 650 ## - SUBJECT ADDED ENTRY--TOPICAL TERM | |
| Topical term or geographic name entry element | LOSS OF PROFITS |
| 650 ## - SUBJECT ADDED ENTRY--TOPICAL TERM | |
| Topical term or geographic name entry element | CAPITALISATION |
| 650 ## - SUBJECT ADDED ENTRY--TOPICAL TERM | |
| Topical term or geographic name entry element | TOTAL EXTINGUISHMENT |
| 650 ## - SUBJECT ADDED ENTRY--TOPICAL TERM | |
| Topical term or geographic name entry element | COMPENSATION |
| 650 ## - SUBJECT ADDED ENTRY--TOPICAL TERM | |
| Topical term or geographic name entry element | LEASEHOLD INTEREST |
| 650 ## - SUBJECT ADDED ENTRY--TOPICAL TERM | |
| Topical term or geographic name entry element | BUD & JET LTD V WARRINGTON BC |
| 690 ## - LOCAL SUBJECT ADDED ENTRY--TOPICAL TERM (OCLC, RLIN) | |
| Topical term or geographic name as entry element | ENVIRONMENTAL AND LAND CONSULTANCY-PLANNING AND DEVELOPMENT-COMPULSORY PURCHASE AND COMPENSATION |
| 942 ## - ADDED ENTRY ELEMENTS (KOHA) | |
| Suppress in OPAC | 0 |
| Withdrawn status | Lost status | Source of classification or shelving scheme | Damaged status | Not for loan | Home library | Current library | Shelving location | Date acquired | Total Checkouts | Full call number | Barcode | Date last seen | Copy number | Price effective from | Koha item type |
|---|---|---|---|---|---|---|---|---|---|---|---|---|---|---|---|
| Dewey Decimal Classification | London | London | Journal article | 26/02/2001 | ABS63555 | 111134-1001 | 06/08/2019 | 1 | 06/08/2019 | Law report |